000 00732cam a22002413a 4500
001 17954
003 PGUSA
005 20140828083401.0
008 060309s2006||||xxu|||||s|||||000 | eng d
040 _aPGUSA
_beng
042 _adc
050 4 _aPR
100 1 _aMorley, John,
_d1838-1923
245 1 0 _aCritical Miscellanies (Vol 3 of 3) :
_bThe Life of George Eliot
_h[electronic resource] /
_cJohn Morley
260 _bProject Gutenberg,
_c2006
506 _aPublic domain in the USA.
516 _aElectronic text
653 _aNovelists, English -- 19th century -- Biography
653 _aEliot, George, 1819-1880
830 0 _aProject Gutenberg
_v17954
856 4 0 _uhttp://www.gutenberg.org/ebooks/17954
942 _cEB
999 _c247209
_d247209